| 000 | 00468nam a2200181 4500 | ||
|---|---|---|---|
| 003 | LK-CoMWRAF | ||
| 005 | 20230903000721.0 | ||
| 008 | 230903b2009 |||||||| |||| 00| 0 eng d | ||
| 020 | _a9789559672623 | ||
| 040 |
_aLK-CoMWRAF _dLK-CoMWRAF _eLK-CoMWRAF |
||
| 041 | _aeng | ||
| 082 |
_a823 _bJAY |
||
| 100 | _aJayasuriya, Wilfrid | ||
| 245 | _aTime traveller | ||
| 260 |
_aColombo : _b Wilfrid Jayasuriya, _c2009 |
||
| 650 | _aEnglish Fiction - Sri Lanka | ||
| 942 | _cBK | ||
| 999 |
_c3379 _d3379 |
||